[Event "Kingston Invitational 4th"]
[Site "Kingston-upon-Thames"]
[Date "2025.08.14"]
[Round "6.1"]
[White "Taylor, Adam A"]
[Black "Kosakowski, Jakub"]
[Result "1/2-1/2"]
[WhiteElo "2279"]
[BlackElo "2542"]
[PlyCount "30"]
[EventDate "2025.08.12"]
[EventType "tourn"]
[EventRounds "9"]
[EventCountry "ENG"]

1. c4 e6 2. g3 d5 3. Bg2 d4 4. e3 c5 5. Nf3 a5 6. O-O Ne7 7. Na3 Nec6 8. d3 Be7 9. Qe2 O-O 10. Nb5 Na6 11. exd4 cxd4 12. Ne5 Na7 13. Nxa7 Rxa7 14. f4 Re8 15. f5 Rf8 1/2-1/2

[Event "Kingston Invitational 4th"]
[Site "Kingston-upon-Thames"]
[Date "2025.08.14"]
[Round "6.2"]
[White "Jarocka, Liwia"]
[Black "Large, Peter G"]
[Result "1/2-1/2"]
[WhiteElo "2266"]
[BlackElo "2291"]
[PlyCount "72"]
[EventDate "2025.08.12"]
[EventType "tourn"]
[EventRounds "9"]
[EventCountry "ENG"]

1. e4 c5 2. Nf3 d6 3. d4 cxd4 4. Nxd4 Nf6 5. Nc3 Nc6 6. Bg5 e6 7. Qd2 a6 8. O-O-O h6 9. Nxc6 bxc6 10. Bf4 d5 11. Qe3 Be7 12. Be2 O-O 13. h4 Qa5 14. e5 Nh7 15. Rh3 f5 16. Bxh6 Bc5 17. Qg3 Ra7 18. Be3 Bxe3+ 19. Qxe3 c5 20. Nb1 f4 21. Qf3 Qxa2 22. Qh5 Rb7 23. Rb3 Rxb3 24. cxb3 Rf7 25. Bd3 Nf8 26. Nd2 c4 27. Bb1 Qa1 28. Qf3 cxb3 29. Qc3 Qa4 30. Nxb3 Qb5 31. Bc2 Qb8 32. Kb1 Rc7 33. Qd2 Rb7 34. Qc3 Rc7 35. Qd2 Rb7 36. Qc3 Rc7 1/2-1/2

[Event "Kingston Invitational 4th"]
[Site "Kingston-upon-Thames"]
[Date "2025.08.14"]
[Round "6.3"]
[White "Lalic, Peter D"]
[Black "Valles Moreno, Ivan"]
[Result "0-1"]
[WhiteElo "2182"]
[BlackElo "2323"]
[PlyCount "86"]
[EventDate "2025.08.12"]
[EventType "tourn"]
[EventRounds "9"]
[EventCountry "ENG"]

1. e4 g6 2. d4 Bg7 3. Nc3 d6 4. f4 Nc6 5. Be3 Nf6 6. Nf3 e6 7. Qd2 Ne7 8. O-O-O a6 9. Bd3 b5 10. Ne2 Bb7 11. Ng3 Qd7 12. h4 h5 13. Ng5 Ng4 14. Bg1 f6 15. Nh3 O-O-O 16. Nf2 f5 17. Nh3 Kb8 18. Ng5 Nc8 19. d5 exd5 20. exf5 c5 21. fxg6 Nb6 22. Nf7 Na4 23. c3 b4 24. Qc2 bxc3 25. b3 Nb2 26. Nxd8 Qxd8 27. Nf5 Bf6 28. Re1 Re8 29. Be3 d4 30. Bxd4 cxd4 31. g7 Ne3 32. Nxe3 dxe3 33. Bg6 Re7 34. Rh3 Bd4 35. Bxh5 Rxg7 36. Rhxe3 Qxh4 37. Re8+ Ka7 38. g4 Qg3 39. Kb1 Nd3 40. Qd1 c2+ 41. Kxc2 Nxe1+ 42. Qxe1 Rc7+ 43. Kb1 Qd3# 0-1

[Event "Kingston Invitational 4th"]
[Site "Kingston-upon-Thames"]
[Date "2025.08.14"]
[Round "6.4"]
[White "Buckley, Graeme N"]
[Black "Bezuidenhout, Roland"]
[Result "0-1"]
[WhiteElo "2256"]
[BlackElo "2272"]
[PlyCount "82"]
[EventDate "2025.08.12"]
[EventType "tourn"]
[EventRounds "9"]
[EventCountry "ENG"]

1. e4 c5 2. Nf3 d6 3. Bb5+ Bd7 4. Bxd7+ Nxd7 5. O-O Ngf6 6. Qe2 e6 7. b3 Be7 8. Bb2 O-O 9. c4 Qb6 10. d3 Rfe8 11. Nc3 Ne5 12. Nxe5 dxe5 13. f4 exf4 14. e5 Nd7 15. Rxf4 f5 16. g4 g6 17. gxf5 gxf5 18. Kf2 Kh8 19. Rg1 Rg8 20. Rxg8+ Rxg8 21. Qh5 Qd8 22. Qf7 Bh4+ 23. Ke3 Bg5 24. Ne2 Qe8 25. Qxe8 Rxe8 26. b4 cxb4 27. d4 Kg8 28. Kf3 Bxf4 29. Nxf4 Kf7 30. d5 exd5 31. e6+ Rxe6 32. Nxe6 Kxe6 33. cxd5+ Kxd5 34. Kf4 Ke6 35. h4 Nf6 36. Kg5 Ne4+ 37. Kh6 f4 38. Kxh7 f3 39. Bd4 f2 40. Bxf2 Nxf2 41. Kg6 Ng4 0-1

[Event "Kingston Invitational 4th"]
[Site "Kingston-upon-Thames"]
[Date "2025.08.14"]
[Round "6.5"]
[White "Maycock Bates, David Henry"]
[Black "Banerjee, Supratit"]
[Result "1-0"]
[WhiteElo "2287"]
[BlackElo "2242"]
[PlyCount "93"]
[EventDate "2025.08.12"]
[EventType "tourn"]
[EventRounds "9"]
[EventCountry "ENG"]

1. e4 e6 2. d4 d5 3. e5 c5 4. c3 Nc6 5. Nf3 Bd7 6. Be2 Nge7 7. O-O Nf5 8. dxc5 a5 9. c4 d4 10. Nbd2 Bxc5 11. Ne4 Qb6 12. a3 Rc8 13. Rb1 a4 14. b4 axb3 15. Rxb3 Qa7 16. Bd3 b6 17. Re1 Qc7 18. Bf4 Nce7 19. Qb1 Rb8 20. Bd2 Nc6 21. h4 Be7 22. h5 Nxe5 23. Nxe5 Qxe5 24. Ng3 Ne3 25. Nh1 Bc5 26. fxe3 dxe3 27. Bb4 Bd4 28. Be4 f5 29. Bf3 g5 30. g3 g4 31. Bg2 f4 32. gxf4 Qxf4 33. Re2 Rc8 34. Qd3 e5 35. Be4 Be6 36. Rb1 Bxc4 37. Qc2 Kd8 38. Rc1 Ba6 39. Bc6 Bxe2 40. Qxe2 Qf6 41. Qb5 Qe6 42. Ng3 e2+ 43. Kg2 e1=Q 44. Bxe1 Qa2+ 45. Kh1 Qf7 46. Nf5 Bc5 47. Rxc5 1-0

[Event "Kingston Invitational 4th"]
[Site "Kingston-upon-Thames"]
[Date "2025.08.15"]
[Round "7.1"]
[White "Banerjee, Supratit"]
[Black "Taylor, Adam A"]
[Result "1-0"]
[WhiteElo "2242"]
[BlackElo "2279"]
[PlyCount "47"]
[EventDate "2025.08.12"]
[EventType "tourn"]
[EventRounds "9"]
[EventCountry "ENG"]

1. e4 c5 2. Nf3 Nc6 3. d4 cxd4 4. Nxd4 e5 5. Nb5 d6 6. N1c3 a6 7. Na3 Be7 8. Nd5 Nf6 9. Nxf6+ Bxf6 10. Bc4 O-O 11. O-O Be6 12. Be3 Bg5 13. Bxe6 fxe6 14. Qg4 Bf4 15. Qxe6+ Kh8 16. Nc4 Qh4 17. g3 Qh5 18. Qd5 Rf6 19. Rad1 Qh3 20. Nxd6 Raf8 21. Bc5 Nd4 22. Bxd4 exd4 23. e5 Bxe5 24. Qxe5 1-0

[Event "Kingston Invitational 4th"]
[Site "Kingston-upon-Thames"]
[Date "2025.08.15"]
[Round "7.2"]
[White "Bezuidenhout, Roland"]
[Black "Maycock Bates, David Henry"]
[Result "1/2-1/2"]
[WhiteElo "2272"]
[BlackElo "2287"]
[PlyCount "125"]
[EventDate "2025.08.12"]
[EventType "tourn"]
[EventRounds "9"]
[EventCountry "ENG"]

1. d4 Nf6 2. c4 e6 3. Nc3 Bb4 4. e3 O-O 5. Bd3 d5 6. a3 Bxc3+ 7. bxc3 dxc4 8. Bxc4 c5 9. Nf3 Qc7 10. Be2 Nc6 11. O-O Rd8 12. Bb2 e5 13. Qc2 Bg4 14. dxe5 Nxe5 15. Nxe5 Bxe2 16. Qxe2 Qxe5 17. c4 Qe6 18. Rfd1 Ne4 19. Rac1 b6 20. f3 Rxd1+ 21. Rxd1 Nd6 22. Rd5 Re8 23. e4 Nc8 24. Qd3 f6 25. h4 h6 26. Bc1 Ne7 27. Rd7 Qe5 28. Bd2 Nc6 29. Bc3 Nd4 30. Bxd4 cxd4 31. Qxd4 Qxd4+ 32. Rxd4 Re5 33. Rd8+ Kh7 34. Rd5 Re7 35. c5 Rc7 36. cxb6 axb6 37. Rd6 Ra7 38. Rxb6 Rxa3 39. Rb5 g6 40. Rb7+ Kg8 41. Kh2 h5 42. Rb2 Ra1 43. Kg3 Rh1 44. Rb7 Kf8 45. Rc7 Kg8 46. Rc5 Kf7 47. e5 fxe5 48. Rxe5 Kf6 49. Rc5 Ra1 50. Rc2 Ra4 51. Re2 Kf5 52. Re8 Rb4 53. Rf8+ Ke5 54. f4+ Ke6 55. f5+ gxf5 56. Rh8 Rb3+ 57. Kh2 Rb4 58. Rxh5 Kf6 59. g3 Rb2+ 60. Kh3 Rb3 61. Rh8 Kg7 62. Ra8 f4 63. Ra1 1/2-1/2

[Event "Kingston Invitational 4th"]
[Site "Kingston-upon-Thames"]
[Date "2025.08.15"]
[Round "7.3"]
[White "Valles Moreno, Ivan"]
[Black "Buckley, Graeme N"]
[Result "0-1"]
[WhiteElo "2323"]
[BlackElo "2256"]
[PlyCount "142"]
[EventDate "2025.08.12"]
[EventType "tourn"]
[EventRounds "9"]
[EventCountry "ENG"]

1. d4 Nf6 2. Nf3 e6 3. e3 b6 4. Bd3 Bb7 5. O-O d5 6. b3 Bd6 7. Bb2 O-O 8. c4 dxc4 9. bxc4 Nbd7 10. Nbd2 c5 11. Qe2 Qc7 12. Rae1 cxd4 13. exd4 Bb4 14. Ne5 Nxe5 15. dxe5 Nd7 16. Rd1 Nc5 17. Bc2 Rad8 18. Nf3 Qc6 19. a3 Ba5 20. Qe3 h6 21. Qf4 Na4 22. Bc1 Nc3 23. Qg4 Ne2+ 24. Kh1 Nxc1 25. Rxc1 Qc5 26. Be4 Bxe4 27. Qxe4 Rd7 28. g4 Qxa3 29. g5 Qd3 30. Qg4 Qg6 31. Rg1 h5 32. Qf4 Qd3 33. Rgd1 Qxd1+ 34. Rxd1 Rxd1+ 35. Kg2 Bb4 36. g6 fxg6 37. Qe4 Rf5 38. Qc6 Rd3 39. Nh4 Rg5+ 40. Kf1 Rd1+ 41. Ke2 Rd2+ 42. Ke3 Rxe5+ 43. Kf4 Re1 44. Qe8+ Bf8 45. Nf3 Rxf2 46. Kg3 Ree2 47. h4 Rg2+ 48. Kh3 Rgf2 49. Kg3 Rg2+ 50. Kh3 Rg4 51. Ng5 Re3+ 52. Kh2 Re2+ 53. Kh3 Re3+ 54. Kh2 Rxh4+ 55. Kg2 Rg4+ 56. Kf2 Rxg5 57. Kxe3 Rg4 58. Kf3 Rg5 59. Ke4 Rg1 60. Kf3 Kh7 61. Qxe6 Bc5 62. Qd7 a5 63. Ke2 Rb1 64. Kd2 Rb4 65. Kc3 Rb1 66. Kc2 Rg1 67. Kb2 Rg3 68. Qd8 a4 69. Ka2 Rg2+ 70. Kb1 a3 71. Qd3 Be7 0-1

[Event "Kingston Invitational 4th"]
[Site "Kingston-upon-Thames"]
[Date "2025.08.15"]
[Round "7.4"]
[White "Large, Peter G"]
[Black "Lalic, Peter D"]
[Result "1/2-1/2"]
[WhiteElo "2291"]
[BlackElo "2182"]
[PlyCount "262"]
[EventDate "2025.08.12"]
[EventType "tourn"]
[EventRounds "9"]
[EventCountry "ENG"]

1. d4 d5 2. Bf4 Bf5 3. e3 c6 4. Nd2 Nd7 5. Ngf3 e6 6. h3 Be7 7. Be2 Qb6 8. Nb3 a5 9. a4 Ngf6 10. O-O Ne4 11. Ne5 Nxe5 12. Bxe5 O-O 13. Bd3 Bg6 14. f3 Nd6 15. Nc5 Rfd8 16. Ra3 Qa7 17. Rc3 b6 18. Bxg6 bxc5 19. Bd3 c4 20. Be2 f6 21. Bf4 g5 22. Bh2 Nf7 23. e4 e5 24. Kh1 exd4 25. Bg1 Bc5 26. Ra3 Bxa3 27. bxa3 c5 28. exd5 Ne5 29. f4 gxf4 30. Rxf4 Qg7 31. Bg4 Kh8 32. Be6 Ng6 33. Rg4 Re8 34. c3 Rxe6 35. dxe6 f5 36. Rxd4 cxd4 37. Bxd4 Ne5 38. Qe2 Kg8 39. Bxe5 Qg6 40. Bd4 Re8 41. e7 Kf7 42. Qxc4+ Qe6 43. Qc5 Rxe7 44. Qxa5 Qe1+ 45. Kh2 Qe4 46. Qc5 Qf4+ 47. Kh1 Re1+ 48. Bg1 Qe4 49. a5 Rd1 50. a6 Rd3 51. Qc7+ Kg6 52. Kh2 Qe2 53. Qc6+ Kh5 54. Kh1 Qe4 55. Qxe4 fxe4 56. a7 Rd8 57. g4+ Kg6 58. Bh2 e3 59. Kg2 Rf8 60. Bg3 h5 61. gxh5+ Kxh5 62. c4 e2 63. a4 Kg5 64. a5 Kh5 65. a6 Kg5 66. Bf2 Kf4 67. h4 Rg8+ 68. Kh3 Kf3 69. Be1 Ra8 70. h5 Rxa7 71. Kh4 Rxa6 72. Kg5 Ra1 73. Bb4 Rb1 74. Bd2 Rb2 75. Be1 Rb1 76. Bd2 Rd1 77. Bb4 Rg1+ 78. Kf5 Rb1 79. Bd2 Rb2 80. Be1 Rb1 81. Bd2 Rd1 82. Bb4 Rd4 83. h6 Rxc4 84. Bd2 Rc2 85. Bb4 Rb2 86. Bc3 Rc2 87. Bb4 Rc4 88. Bd2 Rc5+ 89. Kg6 Rd5 90. Bc3 Rd3 91. Bb4 Rb3 92. Bd2 Rb2 93. Bc3 Rc2 94. Bb4 Rc6+ 95. Kg7 Rb6 96. Bc3 Rb3 97. Bd2 Rd3 98. Bb4 Rd4 99. Bc3 Rg4+ 100. Kf6 Rc4 101. Bd2 Rc2 102. Bb4 Rc4 103. Bd2 Rd4 104. Bc3 Rd3 105. Bb4 Rd6+ 106. Kg7 Rd4 107. Bc3 Rg4+ 108. Kf6 Rc4 109. Bd2 Rc2 110. Bb4 Rb2 111. Bc3 Rc2 112. Bb4 Rc4 113. Bd2 Rc6+ 114. Kg7 Rd6 115. Bb4 Rd7+ 116. Kg8 Rb7 117. Bd2 Rb2 118. Bc3 Rc2 119. Bb4 Rc4 120. Bd2 Rg4+ 121. Kf7 Rf4+ 122. Kg7 Rd4 123. Bc3 Rg4+ 124. Kf6 Rh4 125. Kg7 Rc4 126. Bd2 Rc2 127. Bb4 Rb2 128. Bc3 Rb7+ 129. Kg8 Kg4 130. h7 Rb8+ 131. Kg7 Rb7+ 1/2-1/2

[Event "Kingston Invitational 4th"]
[Site "Kingston-upon-Thames"]
[Date "2025.08.15"]
[Round "7.5"]
[White "Kosakowski, Jakub"]
[Black "Jarocka, Liwia"]
[Result "1-0"]
[WhiteElo "2542"]
[BlackElo "2266"]
[PlyCount "61"]
[EventDate "2025.08.12"]
[EventType "tourn"]
[EventRounds "9"]
[EventCountry "ENG"]

1. e4 e5 2. Nf3 Nc6 3. Bc4 Nf6 4. d3 Bc5 5. a4 h6 6. c3 a5 7. Be3 Ba7 8. O-O O-O 9. Nbd2 Bxe3 10. fxe3 d5 11. exd5 Nxd5 12. Qe1 Be6 13. Ne4 Qe7 14. Nh4 Nb6 15. Bxe6 Qxe6 16. Nf5 Ne7 17. Nc5 Qf6 18. Ne4 Qe6 19. g4 Nd7 20. Qh4 Rfe8 21. Rf3 Ra6 22. Raf1 Ng6 23. Qh5 Nh8 24. g5 Qg6 25. Qg4 Nf8 26. Nxh6+ gxh6 27. Rf6 Ree6 28. Rxg6+ Rxg6 29. h4 hxg5 30. h5 Rh6 31. Nf6+ 1-0

[Event "Kingston Invitational 4th"]
[Site "Kingston-upon-Thames"]
[Date "2025.08.15"]
[Round "8.1"]
[White "Taylor, Adam A"]
[Black "Jarocka, Liwia"]
[Result "1/2-1/2"]
[WhiteElo "2279"]
[BlackElo "2266"]
[PlyCount "58"]
[EventDate "2025.08.12"]
[EventType "tourn"]
[EventRounds "9"]
[EventCountry "ENG"]

1. c4 e6 2. g3 d5 3. Bg2 d4 4. Nf3 Nc6 5. O-O Nh6 6. e3 Nf5 7. e4 Nfe7 8. d3 Ng6 9. h4 e5 10. h5 Nge7 11. Nh4 Ng8 12. f4 exf4 13. Bxf4 Be6 14. Nd2 g5 15. hxg6 hxg6 16. Ndf3 Be7 17. Qd2 Rh5 18. Qe2 g5 19. Nf5 Bxf5 20. exf5 gxf4 21. Ne5 Rh6 22. Ng4 Kf8 23. Nxh6 Nxh6 24. Qh5 Qd6 25. Rxf4 Qf6 26. Bxc6 bxc6 27. Re1 Qg5 28. Qxg5 Bxg5 29. Rxd4 Nxf5 1/2-1/2

[Event "Kingston Invitational 4th"]
[Site "Kingston-upon-Thames"]
[Date "2025.08.15"]
[Round "8.2"]
[White "Lalic, Peter D"]
[Black "Kosakowski, Jakub"]
[Result "1/2-1/2"]
[WhiteElo "2182"]
[BlackElo "2542"]
[PlyCount "30"]
[EventDate "2025.08.12"]
[EventType "tourn"]
[EventRounds "9"]
[EventCountry "ENG"]

1. e4 c6 2. d4 d5 3. e5 Bf5 4. g4 Bd7 5. c4 e6 6. Nc3 c5 7. Nf3 cxd4 8. Nxd4 Nc6 9. Bg2 Bc5 10. Nb3 Bb4 11. cxd5 exd5 12. O-O Bxc3 13. bxc3 Nge7 14. f4 h5 15. gxh5 Bf5 1/2-1/2

[Event "Kingston Invitational 4th"]
[Site "Kingston-upon-Thames"]
[Date "2025.08.15"]
[Round "8.3"]
[White "Buckley, Graeme N"]
[Black "Large, Peter G"]
[Result "1-0"]
[WhiteElo "2256"]
[BlackElo "2291"]
[PlyCount "67"]
[EventDate "2025.08.12"]
[EventType "tourn"]
[EventRounds "9"]
[EventCountry "ENG"]

1. e4 Nc6 2. Nf3 d6 3. d4 Nf6 4. Nc3 g6 5. Be3 Bg7 6. Qd2 Ng4 7. Bg5 h6 8. Bh4 a6 9. O-O-O b5 10. Qe1 g5 11. Bg3 e5 12. d5 Ne7 13. Bd3 Bd7 14. h4 gxh4 15. Nxh4 h5 16. Kb1 b4 17. Ne2 Qb8 18. c4 a5 19. f3 Ne3 20. Rc1 f5 21. Bf2 fxe4 22. Bxe4 N3f5 23. Nxf5 Nxf5 24. g4 Ne7 25. Ng3 Kf7 26. Nxh5 Bh6 27. Be3 Bxe3 28. Qxe3 Qf8 29. c5 Rg8 30. Rhf1 Ke8 31. Rce1 Bb5 32. Rf2 Kd7 33. f4 Rxg4 34. Qh3 1-0

[Event "Kingston Invitational 4th"]
[Site "Kingston-upon-Thames"]
[Date "2025.08.15"]
[Round "8.4"]
[White "Maycock Bates, David Henry"]
[Black "Valles Moreno, Ivan"]
[Result "0-1"]
[WhiteElo "2287"]
[BlackElo "2323"]
[PlyCount "105"]
[EventDate "2025.08.12"]
[EventType "tourn"]
[EventRounds "9"]
[EventCountry "ENG"]

1. e4 e5 2. Nf3 Nc6 3. Bb5 a6 4. Ba4 Nf6 5. O-O Be7 6. Re1 b5 7. Bb3 d6 8. c3 O-O 9. h3 Na5 10. Bc2 c5 11. d4 Nd7 12. d5 Nb6 13. g4 h5 14. Nh2 hxg4 15. hxg4 Bg5 16. Nd2 g6 17. Ndf3 Bxc1 18. Qxc1 Kg7 19. b3 Bd7 20. Kg2 c4 21. b4 Nb7 22. Qd2 Rh8 23. a3 Qc7 24. Rh1 Raf8 25. Rag1 Qd8 26. Kf1 Qe7 27. Ke2 Nd8 28. Nf1 f6 29. Ne3 Rxh1 30. Rxh1 Nf7 31. Nh4 Rh8 32. Qe1 Qe8 33. f3 Ng5 34. Qg1 Nc8 35. Qg3 Rh6 36. Rf1 Nf7 37. Neg2 Qh8 38. f4 exf4 39. Qxf4 Qd8 40. Nf3 Qe7 41. Ne3 Rh8 42. Rg1 Ng5 43. Nf5+ gxf5 44. gxf5 Rh5 45. Qg4 Be8 46. Ke3 Nb6 47. Kd2 Nd7 48. Qf4 Ne5 49. Nd4 Kh8 50. Bd1 Nd3 51. Qf1 Rh2+ 52. Rg2 Nxe4+ 53. Kc2 0-1

[Event "Kingston Invitational 4th"]
[Site "Kingston-upon-Thames"]
[Date "2025.08.15"]
[Round "8.5"]
[White "Banerjee, Supratit"]
[Black "Bezuidenhout, Roland"]
[Result "0-1"]
[WhiteElo "2242"]
[BlackElo "2272"]
[PlyCount "68"]
[EventDate "2025.08.12"]
[EventType "tourn"]
[EventRounds "9"]
[EventCountry "ENG"]

1. e4 c5 2. Nf3 d6 3. Bb5+ Bd7 4. Bxd7+ Nxd7 5. O-O Ngf6 6. d3 e6 7. Re1 Be7 8. Nc3 O-O 9. d4 cxd4 10. Nxd4 Ne5 11. h3 Rc8 12. a4 a6 13. Qe2 Re8 14. a5 Nc4 15. Nb3 d5 16. Rd1 Bb4 17. Bg5 Nxb2 18. e5 Bxc3 19. exf6 Nxd1 20. Rxd1 Bxf6 21. Be3 Qc7 22. Rd2 Qc4 23. Qd1 Bc3 24. Rd3 Be5 25. Rd2 Rc6 26. Qh5 Bf6 27. Nd4 Rcc8 28. Nf3 g6 29. Qh6 Bg7 30. Qg5 h6 31. Qg3 e5 32. Bb6 Qe4 33. Rd1 Rxc2 34. Re1 Re2 0-1

[Event "Kingston Invitational 4th"]
[Site "Kingston-upon-Thames"]
[Date "2025.08.16"]
[Round "9.1"]
[White "Bezuidenhout, Roland"]
[Black "Taylor, Adam A"]
[Result "0-1"]
[WhiteElo "2272"]
[BlackElo "2279"]
[PlyCount "78"]
[EventDate "2025.08.12"]
[EventType "tourn"]
[EventRounds "9"]
[EventCountry "ENG"]

1. e4 c5 2. Nf3 Nc6 3. d4 cxd4 4. Nxd4 e5 5. Nb5 d6 6. N1c3 a6 7. Na3 b5 8. Nd5 Nge7 9. c4 Nd4 10. cxb5 Nxd5 11. exd5 Be7 12. Bd3 O-O 13. O-O f5 14. bxa6 Bxa6 15. Bxa6 Rxa6 16. Be3 Qa8 17. Bxd4 exd4 18. Qe2 Bf6 19. Nb5 Rxa2 20. Qe6+ Kh8 21. Rxa2 Qxa2 22. Nxd6 h6 23. Qxf5 Be7 24. Qe6 Bxd6 25. Qxd6 Rf5 26. Qd8+ Kh7 27. d6 Qd5 28. Qc7 Rf7 29. Qc2+ d3 30. Qd2 Qxd6 31. Rd1 Rd7 32. h3 g6 33. f3 h5 34. Kf1 Qd5 35. b4 Qc4 36. Rc1 Qb3 37. Kf2 Qd5 38. Qc3 Qa2+ 39. Kf1 Qe2+ 0-1

[Event "Kingston Invitational 4th"]
[Site "Kingston-upon-Thames"]
[Date "2025.08.16"]
[Round "9.2"]
[White "Valles Moreno, Ivan"]
[Black "Banerjee, Supratit"]
[Result "1/2-1/2"]
[WhiteElo "2323"]
[BlackElo "2242"]
[PlyCount "27"]
[EventDate "2025.08.12"]
[EventType "tourn"]
[EventRounds "9"]
[EventCountry "ENG"]

1. d4 Nf6 2. Nf3 g6 3. Bg5 d5 4. Nbd2 Bg7 5. c3 h6 6. Bh4 O-O 7. e3 Nbd7 8. Be2 c5 9. O-O Qb6 10. Qb1 Re8 11. Rd1 e5 12. dxe5 Nxe5 13. Nxe5 Rxe5 14. Nf3 1/2-1/2

[Event "Kingston Invitational 4th"]
[Site "Kingston-upon-Thames"]
[Date "2025.08.16"]
[Round "9.3"]
[White "Large, Peter G"]
[Black "Maycock Bates, David Henry"]
[Result "0-1"]
[WhiteElo "2291"]
[BlackElo "2287"]
[PlyCount "130"]
[EventDate "2025.08.12"]
[EventType "tourn"]
[EventRounds "9"]
[EventCountry "ENG"]

1. e4 e5 2. Nf3 Nc6 3. Bb5 a6 4. Ba4 d6 5. c3 f5 6. exf5 Bxf5 7. O-O Bd3 8. Qb3 b5 9. Qd5 Nd4 10. Nxd4 Ne7 11. Qf3 e4 12. Qg4 bxa4 13. Re1 Qd7 14. Rxe4 Bxe4 15. Qxe4 d5 16. Qe2 Kf7 17. d3 Re8 18. Be3 c5 19. Nc2 Nf5 20. Qf3 Kg8 21. Nd2 h6 22. Qg4 a5 23. Bf4 Qf7 24. Ne3 Nxe3 25. fxe3 Kh7 26. Rf1 Qe6 27. Qxe6 Rxe6 28. c4 Bd6 29. e4 dxe4 30. Nxe4 Bxf4 31. Rxf4 Re5 32. Kf1 Rd8 33. Rf3 Kg8 34. Ke1 Rf8 35. Rxf8+ Kxf8 36. Kd2 Ke7 37. Nc3 a3 38. bxa3 Rg5 39. g3 Rh5 40. h4 g5 41. hxg5 Rxg5 42. Ne4 Rh5 43. Kc3 Rf5 44. Kd2 h5 45. Ke2 Kd7 46. Nc3 Kc6 47. a4 Rf8 48. Nb5 Rb8 49. Ke3 Re8+ 50. Kf2 Re7 51. Nc3 Re6 52. Ne4 Re8 53. Nc3 Rb8 54. Nb5 Kd7 55. Ke3 Rg8 56. Kf2 Ke6 57. d4 Rg4 58. dxc5 Rxc4 59. c6 Rxa4 60. a3 Rc4 61. Ke3 Rc5 62. a4 Rc4 63. c7 Kd7 64. c8=Q+ Rxc8 65. Nd4 Rc4 0-1

[Event "Kingston Invitational 4th"]
[Site "Kingston-upon-Thames"]
[Date "2025.08.16"]
[Round "9.4"]
[White "Kosakowski, Jakub"]
[Black "Buckley, Graeme N"]
[Result "1-0"]
[WhiteElo "2542"]
[BlackElo "2256"]
[PlyCount "67"]
[EventDate "2025.08.12"]
[EventType "tourn"]
[EventRounds "9"]
[EventCountry "ENG"]

1. e4 c5 2. Nf3 Nc6 3. Bb5 g6 4. O-O Bg7 5. c3 Nf6 6. Re1 O-O 7. d4 d5 8. e5 Ne4 9. Be3 Qb6 10. Bxc6 bxc6 11. Qc1 c4 12. Nbd2 Nxd2 13. Nxd2 Bf5 14. b3 Bd3 15. bxc4 dxc4 16. Nf3 Qa5 17. Bh6 Qd5 18. Qf4 Rab8 19. h4 Qe6 20. Bxg7 Kxg7 21. Re3 Qf5 22. Qg3 Be4 23. Rae1 Rb1 24. Rxb1 Bxb1 25. e6 Be4 26. Ng5 Bd5 27. Nxf7 Bxe6 28. Ng5 Rf6 29. Re5 Qb1+ 30. Kh2 Bg8 31. Rxe7+ Kh6 32. Qe3 Qd3 33. Nf7+ Kg7 34. Qh6# 1-0

[Event "Kingston Invitational 4th"]
[Site "Kingston-upon-Thames"]
[Date "2025.08.16"]
[Round "9.5"]
[White "Jarocka, Liwia"]
[Black "Lalic, Peter D"]
[Result "1/2-1/2"]
[WhiteElo "2266"]
[BlackElo "2182"]
[PlyCount "40"]
[EventDate "2025.08.12"]
[EventType "tourn"]
[EventRounds "9"]
[EventCountry "ENG"]

1. e4 e5 2. Nf3 Nf6 3. Nxe5 d6 4. Nd3 Nxe4 5. Nf4 d5 6. d4 Nc6 7. c3 Ne7 8. Bd3 Ng6 9. Nxd5 Nxf2 10. Qe2+ Be6 11. Kxf2 Qxd5 12. Be4 Qd8 13. Bxb7 Bd6 14. Bc6+ Kf8 15. g3 h5 16. Qf3 Bg4 17. Qe4 Qf6+ 18. Ke1 Bf5 19. Qf3 Rb8 20. Nd2 Qe6+ 1/2-1/2

[Event "Kingston Invitational Swiss"]
[Site "Kingston-upon-Thames"]
[Date "2025.08.12"]
[Round "1.1"]
[White "Grave, Jacob Templen"]
[Black "Josse, Mark"]
[Result "1-0"]
[WhiteElo "2366"]
[BlackElo "2113"]
[PlyCount "73"]
[EventDate "2025.08.12"]
[EventType "swiss"]
[EventRounds "9"]
[EventCountry "ENG"]

1. e4 c5 2. Nf3 e6 3. c3 d5 4. exd5 Qxd5 5. d4 Nf6 6. Na3 Qd8 7. Nc4 Be7 8. Bd3 O-O 9. O-O Nbd7 10. Bf4 Nd5 11. Bg3 N7f6 12. dxc5 Bxc5 13. Nfe5 Nd7 14. Qc2 h6 15. Rad1 Nxe5 16. Nxe5 Qg5 17. Rfe1 f5 18. Nf3 Qf6 19. Be5 Qf7 20. b4 Bb6 21. a3 Bc7 22. Bc4 Nf6 23. Nd4 Bxe5 24. Rxe5 Qc7 25. Rc5 Qf4 26. Rxf5 Qg4 27. h3 Qg6 28. Re5 Qxc2 29. Nxc2 Kf7 30. Nd4 Re8 31. Nb5 Re7 32. Rd8 Ne8 33. Rf5+ Kg6 34. Rf8 a6 35. Rfxe8 Rxe8 36. Rxe8 axb5 37. Bxe6 1-0

[Event "Kingston Invitational Swiss"]
[Site "Kingston-upon-Thames"]
[Date "2025.08.12"]
[Round "1.2"]
[White "McMichael, Richard J"]
[Black "Hawksworth, John C"]
[Result "1/2-1/2"]
[WhiteElo "2112"]
[BlackElo "2351"]
[PlyCount "48"]
[EventDate "2025.08.12"]
[EventType "swiss"]
[EventRounds "9"]
[EventCountry "ENG"]

1. b3 e5 2. Bb2 Nc6 3. e3 a6 4. c4 d5 5. Nf3 e4 6. cxd5 Qxd5 7. Nd4 Nxd4 8. Bxd4 Bf5 9. Nc3 Qd7 10. Be2 Nf6 11. Bxf6 gxf6 12. h4 Rg8 13. g4 Rxg4 14. Bxg4 Bxg4 15. Nxe4 Bxd1 16. Nxf6+ Ke7 17. Nxd7 Bf3 18. Nxf8 Bxh1 19. Ke2 Be4 20. d3 Bf5 21. e4 Rxf8 22. exf5 Kf6 23. Rc1 c6 24. Rc5 Re8+ 1/2-1/2

[Event "Kingston Invitational Swiss"]
[Site "Kingston-upon-Thames"]
[Date "2025.08.12"]
[Round "1.3"]
[White "Lund, Gunnar"]
[Black "Armstrong, Alastair"]
[Result "1-0"]
[WhiteElo "2326"]
[BlackElo "2108"]
[PlyCount "123"]
[EventDate "2025.08.12"]
[EventType "swiss"]
[EventRounds "9"]
[EventCountry "ENG"]

1. e4 Nf6 2. Nc3 d5 3. e5 d4 4. exf6 dxc3 5. fxg7 cxd2+ 6. Qxd2 Qxd2+ 7. Bxd2 Bxg7 8. O-O-O Nc6 9. Bc4 e6 10. Nf3 Bd7 11. Rhe1 O-O-O 12. Ng5 Be8 13. f4 h6 14. Nf3 Rg8 15. Be3 Bd7 16. g4 e5 17. h3 exf4 18. Bxf4 h5 19. gxh5 Rh8 20. Ng5 Rxh5 21. Bxf7 Rh4 22. Bg3 Rh6 23. h4 Bf6 24. Bb3 Rg6 25. Bf4 Nd4 26. Bc4 Bg4 27. Rd2 Nf3 28. Rxd8+ Kxd8 29. Nxf3 Bxf3 30. Rf1 Bg2 31. Rd1+ Ke7 32. Bxc7 Bf3 33. Rf1 Bg2 34. Rd1 Bf3 35. Bd8+ Ke8 36. Bb5+ Kf7 37. Rd7+ Ke6 38. Bxf6 a6 39. Bg5 axb5 40. Rd8 Rg7 41. Re8+ Kd5 42. Kd2 Rf7 43. Ke3 Bg4 44. Bf4 Rh7 45. Re4 Rf7 46. h5 Bf5 47. Re5+ Kc6 48. c3 Bb1 49. a3 Rd7 50. Ke2 Bd3+ 51. Kf2 Bh7 52. Be3 Bd3 53. h6 Rf7+ 54. Kg3 Kd6 55. Bf4 Kc6 56. Re8 Kd5 57. Rd8+ Kc4 58. Rd4+ Kb3 59. Rxd3 Kxb2 60. Rd4 Kxc3 61. Rb4 Rd7 62. Rxb5 1-0

[Event "Kingston Invitational Swiss"]
[Site "Kingston-upon-Thames"]
[Date "2025.08.12"]
[Round "1.4"]
[White "Yu, Rock"]
[Black "Rudd, Jack"]
[Result "1-0"]
[WhiteElo "2107"]
[BlackElo "2259"]
[PlyCount "95"]
[EventDate "2025.08.12"]
[EventType "swiss"]
[EventRounds "9"]
[EventCountry "ENG"]

1. c4 Nf6 2. g3 g6 3. Bg2 Bg7 4. e4 O-O 5. Nc3 d6 6. Nge2 c5 7. O-O Nc6 8. d3 Rb8 9. h3 a6 10. a4 Nd4 11. Be3 Ne8 12. Rb1 Nc7 13. b4 Nce6 14. f4 f5 15. Bf2 g5 16. exf5 Rxf5 17. g4 Rxf4 18. Nxf4 Nxf4 19. Be3 cxb4 20. Rxb4 Qa5 21. Bxf4 gxf4 22. Na2 Qg5 23. Kh1 h5 24. Bd5+ e6 25. Be4 Qh4 26. Rb2 Be5 27. gxh5 f3 28. Rxf3 Nxf3 29. Rg2+ Ng5 30. Qg4 Qxg4 31. Rxg4 b5 32. axb5 axb5 33. Rxg5+ Kh8 34. cxb5 Bf4 35. Rg4 e5 36. Rg6 Rxb5 37. Nc3 Rb2 38. Nd5 Bxh3 39. Nxf4 exf4 40. Rxd6 Rb5 41. Rd8+ Kg7 42. h6+ Kxh6 43. Rh8+ Kg5 44. Rxh3 Kg4 45. Rf3 Rb2 46. Kg1 Ra2 47. Rf2 Ra4 48. Kg2 1-0